|
|
|
|
| LEADER |
00000nab a2200000 ar4500 |
| 001 |
vtls010198245 |
| 003 |
SK-MaSNL |
| 005 |
20260318140050.0 |
| 008 |
101215c2010 xo |||||||| |000 b|hun |
| 015 |
|
|
|a SNBRB2010/12
|2 snkbucl
|
| 038 |
|
|
|a SNKBUCL
|
| 040 |
|
|
|a DSZK
|b slo
|c DSZK
|e AACR2
|
| 041 |
0 |
|
|a hun
|
| 044 |
|
|
|a xo
|c SK
|
| 080 |
|
|
|a 821.511.141-4=511.141
|2 1997
|
| 100 |
1 |
|
|a Fried, István,
|d 1934-
|4 aut
|9 18725
|
| 245 |
1 |
0 |
|a Széchenyi István emlékezete-
|b (Gyímes Évának ajánlom)
|c Fried István ; illusztrálta Bacskai Béla
|
| 300 |
|
|
|b Obr.
|
| 650 |
0 |
7 |
|a eseje, maďarské
|2 snkbucl
|9 582855
|
| 700 |
1 |
|
|a Bacskai, Béla,
|d 1935-1980
|4 ill
|9 723300
|
| 773 |
0 |
|
|t Irodalmi szemle
|g Évf. LIII, sz. 12 (2010), o. 36-41
|x 1336-5088
|
| 852 |
|
|
|a SNK
|b KIS3GCP
|
| 852 |
|
|
|a DSZK
|b KIS3GCP
|
| 958 |
|
|
|a HU
|
| 958 |
|
|
|a LX
|
| 999 |
|
|
|c 1811474
|d 1813404
|